<?xml version="1.0" encoding="UTF-8"?>
<record
    xmlns:xsi="http://www.w3.org/2001/XMLSchema-instance"
    xsi:schemaLocation="http://www.loc.gov/MARC21/slim http://www.loc.gov/standards/marcxml/schema/MARC21slim.xsd"
    xmlns="http://www.loc.gov/MARC21/slim">

  <leader>01804    a2200217   4500</leader>
  <controlfield tag="001">255</controlfield>
  <controlfield tag="005">20260407155417.0</controlfield>
  <controlfield tag="008">260407a2007    arg                 spa d</controlfield>
  <controlfield tag="003">AR-UNSa-BCEJYS</controlfield>
  <datafield tag="040" ind1=" " ind2=" ">
    <subfield code="a">AR-UNSa-BCEJYS</subfield>
    <subfield code="b">spa</subfield>
    <subfield code="c">AR-UNSa-BCEJYS</subfield>
  </datafield>
  <datafield tag="080" ind1=" " ind2=" ">
    <subfield code="a">330.101.541</subfield>
    <subfield code="x">Macroeconom&#xED;a</subfield>
  </datafield>
  <datafield tag="245" ind1="1" ind2="0">
    <subfield code="a">Macroeconom&#xED;a</subfield>
    <subfield code="p">teor&#xED;a y pol&#xED;ticas</subfield>
  </datafield>
  <datafield tag="020" ind1=" " ind2=" ">
    <subfield code="a">978-970-26-0939-1</subfield>
  </datafield>
  <datafield tag="264" ind1=" " ind2="1">
    <subfield code="a">M&#xE9;xico :</subfield>
    <subfield code="b">Pearson Educaci&#xF3;n</subfield>
    <subfield code="c">2007</subfield>
  </datafield>
  <datafield tag="300" ind1=" " ind2=" ">
    <subfield code="a">xx, 769 p.</subfield>
    <subfield code="c">27 cm</subfield>
  </datafield>
  <datafield tag="505" ind1=" " ind2=" ">
    <subfield code="a">1. Introducci&#xF3;n - 2. Los datos - 3. Consumo - 4. Inversi&#xF3;n - 5. El gobierno y la politica fiscal - 6. La econom&#xED;a cerrada - 7. Econom&#xED;a abierta:La cuenta corriente - 8. Econom&#xED;a abierta:El tipo de cambio real - 9. M&#xE1;s sobre tipo de cambio real y cuenta corriente - 10. Introducci&#xF3;n al crecimiento econ&#xF3;mico - 11. El modelo neocl&#xE1;sico de crecimiento - 12. Modelos de crecimiento: Extensiones - 13. Evidencia emp&#xED;rica - 14. Crecimiento econ&#xF3;mico con ahorro &#xF3;ptimo - 15. Teor&#xED;a cuantitativa, neutralidad y demanda por dinero - 16. Oferta de dinero, pol&#xED;tica monetaria e inflaci&#xF3;n - 17. Pol&#xED;tica monetaria y mercado financieros - 18. Introducci&#xF3;n a la fluctuaciones de corto plazo - 19. El modelo Keynesiano de econom&#xED;a cerrada:IS-LM - 20. El modelo Mundell- Fleming: IS-LM en econom&#xED;as abiertas - 21. La oferta agregada y la curva de Philips - 22. Oferta, demanda agregada y pol&#xED;ticas macroecon&#xF3;micas - 23.Fluctuaciones en modelos del ciclo econ&#xF3;mico real - 24. Los mercados del trabajo y del cr&#xE9;dito en el ciclo econ&#xF3;mico - 25. Inconsistencia intertemporal y pol&#xED;tica monetaria. </subfield>
  </datafield>
  <datafield tag="942" ind1=" " ind2=" ">
    <subfield code="c">BK</subfield>
  </datafield>
  <datafield tag="590" ind1=" " ind2=" ">
    <subfield code="a">niveau_biblio:m niveau_hierar:0</subfield>
  </datafield>
  <datafield tag="100" ind1="1" ind2=" ">
    <subfield code="a">Gregorio Rebeco, Jos&#xE9; Fernando de</subfield>
  </datafield>
  <datafield tag="856" ind1="4" ind2="1">
    <subfield code="u">https://biblioeco.unsa.edu.ar/pmb/images/libros/Macroeconomia2-l117696.jpg</subfield>
    <subfield code="y">Imagen de portada</subfield>
    <subfield code="q">image/jpeg</subfield>
  </datafield>
  <datafield tag="999" ind1=" " ind2=" ">
    <subfield code="c">169</subfield>
    <subfield code="d">169</subfield>
  </datafield>
  <datafield tag="952" ind1=" " ind2=" ">
    <subfield code="0">0</subfield>
    <subfield code="1">0</subfield>
    <subfield code="4">0</subfield>
    <subfield code="7">0</subfield>
    <subfield code="a">BCEJYS</subfield>
    <subfield code="b">BCEJYS</subfield>
    <subfield code="c">16</subfield>
    <subfield code="d">2026-04-07</subfield>
    <subfield code="l">0</subfield>
    <subfield code="o">330.101.541 G821</subfield>
    <subfield code="p">L117696</subfield>
    <subfield code="r">2026-04-07 15:54:17</subfield>
    <subfield code="w">2026-04-07</subfield>
    <subfield code="y">L</subfield>
    <subfield code="z">CANTO UN POCO MANCHADO - LAPICERA LEVE EN CANTO SUPERIOR</subfield>
  </datafield>
  <datafield tag="952" ind1=" " ind2=" ">
    <subfield code="0">0</subfield>
    <subfield code="1">0</subfield>
    <subfield code="4">0</subfield>
    <subfield code="7">0</subfield>
    <subfield code="a">BCEJYS</subfield>
    <subfield code="b">BCEJYS</subfield>
    <subfield code="c">16</subfield>
    <subfield code="d">2026-04-07</subfield>
    <subfield code="l">0</subfield>
    <subfield code="o">330.101.541 G821</subfield>
    <subfield code="p">L117697</subfield>
    <subfield code="r">2026-04-07 15:54:17</subfield>
    <subfield code="w">2026-04-07</subfield>
    <subfield code="y">L</subfield>
    <subfield code="z">CANTO MANCHADO - L&#xC1;PIZ LEVE - CANTO INFERIOR C/ MANCHAS - H&#xDA;MEDO CANTO SUPERIOR EXTREMO - 1&#xB0; P&#xC1;GINA DOBLADA </subfield>
  </datafield>
  <datafield tag="952" ind1=" " ind2=" ">
    <subfield code="0">0</subfield>
    <subfield code="1">0</subfield>
    <subfield code="4">0</subfield>
    <subfield code="7">0</subfield>
    <subfield code="a">BCEJYS</subfield>
    <subfield code="b">BCEJYS</subfield>
    <subfield code="c">16</subfield>
    <subfield code="d">2026-04-07</subfield>
    <subfield code="l">0</subfield>
    <subfield code="o">330.101.541 G821</subfield>
    <subfield code="p">L117698</subfield>
    <subfield code="r">2026-04-07 15:54:17</subfield>
    <subfield code="w">2026-04-07</subfield>
    <subfield code="y">L</subfield>
    <subfield code="z">L&#xC1;PIZ - 1RAS HOJAS H&#xDA;MEDAS - DESPEGADO AL FINAL DEL LIBRO - MANCHADO EN EL CANTO - H&#xDA;MEDO AL FINAL</subfield>
  </datafield>
  <datafield tag="952" ind1=" " ind2=" ">
    <subfield code="0">0</subfield>
    <subfield code="1">0</subfield>
    <subfield code="4">0</subfield>
    <subfield code="7">0</subfield>
    <subfield code="a">BCEJYS</subfield>
    <subfield code="b">BCEJYS</subfield>
    <subfield code="c">16</subfield>
    <subfield code="d">2026-04-07</subfield>
    <subfield code="l">0</subfield>
    <subfield code="o">330.101.541 G821</subfield>
    <subfield code="p">L117699</subfield>
    <subfield code="r">2026-04-07 15:54:17</subfield>
    <subfield code="w">2026-04-07</subfield>
    <subfield code="y">L</subfield>
    <subfield code="z">MANCHADO CANTO INFERIOR - CONTRATAPA DESPEGADA</subfield>
  </datafield>
  <datafield tag="952" ind1=" " ind2=" ">
    <subfield code="0">0</subfield>
    <subfield code="1">0</subfield>
    <subfield code="4">0</subfield>
    <subfield code="7">0</subfield>
    <subfield code="a">BCEJYS</subfield>
    <subfield code="b">BCEJYS</subfield>
    <subfield code="c">16</subfield>
    <subfield code="d">2026-04-07</subfield>
    <subfield code="l">0</subfield>
    <subfield code="o">330.101.541 G821</subfield>
    <subfield code="p">L117700</subfield>
    <subfield code="r">2026-04-07 15:54:17</subfield>
    <subfield code="w">2026-04-07</subfield>
    <subfield code="y">L</subfield>
    <subfield code="z">1RA HOJA ARRUGADA - ESCRITO Y SUBRAYADO C/ L&#xC1;PIZ - &#xDA;LTIMAS HOJAS H&#xDA;MEDAS - HOJAS MANCHADAS CANTO INFERIOR - RAYADO EN CANTO LATERAL</subfield>
  </datafield>
  <datafield tag="952" ind1=" " ind2=" ">
    <subfield code="0">0</subfield>
    <subfield code="1">0</subfield>
    <subfield code="4">0</subfield>
    <subfield code="7">0</subfield>
    <subfield code="a">BCEJYS</subfield>
    <subfield code="b">BCEJYS</subfield>
    <subfield code="c">16</subfield>
    <subfield code="d">2026-04-07</subfield>
    <subfield code="l">0</subfield>
    <subfield code="o">330.101.541 G821</subfield>
    <subfield code="p">L127536</subfield>
    <subfield code="r">2026-04-07 15:54:17</subfield>
    <subfield code="w">2026-04-07</subfield>
    <subfield code="y">L</subfield>
    <subfield code="z">P&#xC1;G. 464, 465 Y 692 ESCRITAS C/ L&#xC1;PIZ - CANTO SUCIO - SUBRAYADO FUERTE C/ L&#xC1;PIZ</subfield>
  </datafield>
</record>
